Figure Out the Lyrics XI Quiz Stats

 Plays Quiz Updated Jun 23, 2018

Challenge
Share
Tweet
Embed
Score 0/180 Timer 08:00
15 Plays Today
% Correct
a
97.6%
a
97.6%
[Repeat to fade]
97.6%
the
95.1%
the
95.1%
the
95.1%
the
95.1%
the
95.1%
the
95.1%
the
95.1%
you
94%
you.
94%
you
94%
you.
94%
you
94%
you
94%
you.
94%
you
94%
you
94%
you.
94%
you.
94%
you.
94%
you.
94%
me,
83.9%
me,
83.9%
me,
83.9%
me,
83.9%
me,
83.9%
to
83.8%
to
83.8%
to
83.8%
to
83.8%
to
83.8%
to
83.8%
to
83.8%
to
83.8%
to
83.8%
to
83.8%
to
83.8%
to
83.8%
to
83.8%
to
83.8%
be
80.3%
be
80.3%
be
80.3%
be
80.3%
be
80.3%
and
79.5%
and
79.5%
and
79.5%
and
79.5%
do
79.3%
do
79.3%
in
75.1%
in
75.1%
in
75.1%
in
75.1%
in
75.1%
in
75.1%
is
73.9%
% Correct
is
73.9%
are
73.4%
On
72.9%
On
72.9%
they
68.5%
they
68.5%
they
68.5%
they
68.5%
they
68.5%
they
68.5%
they
68.5%
Why
67.5%
Why
67.5%
why
67.5%
why
67.5%
So
64.5%
So
64.5%
that
61.3%
That
61.3%
that
61.3%
That
61.3%
your
60.9%
your
60.9%
your
60.9%
your
60.9%
like
60.7%
like
60.7%
like
60.7%
like
60.7%
like
60.7%
of
60%
of
60%
of
60%
of
60%
time
59%
time
59%
Just
56.9%
Just
56.9%
Just
56.9%
Just
56.9%
Just
56.9%
every
54.8%
every
54.8%
close
54.7%
close
54.7%
close
54.7%
close
54.7%
close
54.7%
close
54.7%
close
54.7%
were
53.6%
were
53.6%
day
50.7%
day
50.7%
near?
50.4%
birds
50.3%
from
49.3%
all
48.9%
all
48.9%
all
48.9%
% Correct
all
48.9%
long
48.2%
long
48.2%
long
48.2%
long
48.2%
long
48.2%
by?
47.4%
appear
45.5%
suddenly
45.4%
come
43.7%
come
43.7%
sky
42.6%
walk
42.3%
star
41.6%
star
41.6%
down
40.6%
Ahhhhhh
39.8%
Ahhhhhh
39.8%
born
39.3%
born,
39.3%
got
39%
got
39%
eyes
38.6%
eyes
38.6%
fall
37.7%
dream
35%
dream
35%
angels
34.2%
angels
34.2%
true.
33.8%
true.
33.8%
stars
32.8%
blue.
32.5%
blue.
32.5%
together
32.5%
together
32.5%
light
31.3%
light
31.3%
hair
30.1%
hair
30.1%
decided
28.9%
decided
28.9%
around.
28.6%
around.
28.6%
create
28.3%
create
28.3%
moon
27.7%
moon
27.7%
girls
27.6%
girls
27.6%
gold,
27.2%
gold,
27.2%
dust
26.4%
dust
26.4%
sprinkled
26.1%
sprinkled
26.1%
town,
25.2%
town
25.2%
follow
23.8%
follow
23.8%

You're not logged in!

Compare scores with friends on all Sporcle quizzes.
Join for Free
OR
Log In

You Might Also Like...

Show Comments

Extras

Top Quizzes Today


Score Distribution

Your Account Isn't Verified!

In order to create a playlist on Sporcle, you need to verify the email address you used during registration. Go to your Sporcle Settings to finish the process.

Report this User

Report this user for behavior that violates our Community Guidelines.

Details: